Microsoft Windows Server 2003 : Planning, testing, and piloting deployment projects
This volume provides detailed guidance for creating a deployment project plan, setting up a deployment test lab, creating software and hardware inventories choosing a licensing method and conducting a deployment pilot project
Gardado en:
| Formato: | Libro |
|---|---|
| Idioma: | Undetermined |
| Publicado: |
Redmond, Wash
Microsoft Press
2003
|
| Những chủ đề: | |
| Các nhãn: |
Engadir etiqueta
Sen Etiquetas, Sexa o primeiro en etiquetar este rexistro!
|
| Thư viện lưu trữ: | Trung tâm Học liệu Trường Đại học Cần Thơ |
|---|
| LEADER | 00848nam a2200205Ia 4500 | ||
|---|---|---|---|
| 001 | CTU_84195 | ||
| 008 | 210402s9999 xx 000 0 und d | ||
| 020 | |c 200000 | ||
| 082 | |a 005.44769 | ||
| 082 | |b M626 | ||
| 245 | 0 | |a Microsoft Windows Server 2003 : | |
| 245 | 0 | |b Planning, testing, and piloting deployment projects | |
| 245 | 4 | |c the Microsoft Windows team | |
| 260 | |a Redmond, Wash | ||
| 260 | |b Microsoft Press | ||
| 260 | |c 2003 | ||
| 520 | |a This volume provides detailed guidance for creating a deployment project plan, setting up a deployment test lab, creating software and hardware inventories choosing a licensing method and conducting a deployment pilot project | ||
| 650 | |a Hệ điều hành (máy tính),Operating system ( computers) | ||
| 904 | |i Mai Loan | ||
| 980 | |a Trung tâm Học liệu Trường Đại học Cần Thơ | ||